000 00297nam a22001337a 4500
008 221005b ||||| |||| 00| 0 eng d
041 _aeng
080 _29 edition
_a541
082 _a541
100 _a13.2
101 _aKIMI
245 _aPhysiological chemistry
_cHARPER.A.H
942 _2udc
_cBK
999 _c58352
_d58352